000 00443nam a2200145 4500
001 111902
003 ES-MaACL
007 t|
008 061121s1922 xxk r ||||1| eng d
100 1 _aNewell, Herbert Andrews.
_985481
245 1 0 _aFootprints in Spain /
_cby Lieut.-Colonel H. A. Newell; with 23 illustrations.
260 _aLondon :
_bMethuen & Co.,
_c1922.
300 _aXII, 248 p. :
_bil. ;
_c20 x 12 cm.
852 _aES-MaACL
_jB-6269
999 _c111902
_d111902